000 00524nam a2200181Ia 4500
008 240925s9999 xx 000 0 und d
020 _a852296330
082 _a030 BRI
100 _aEncyclopedia , Britinica
245 4 _aThe New Encyclopaedia Britinnacia: micropeadia knowledge in depth
250 _a15th
260 _aChicago:
_bEncyclopadia Britanic
_c,1998.
300 _a953p.
_b22
_fPhotocopy
500 _aIncludes Illustration
600 _aHumanities & Natural Science
650 _aEncyclopedia
942 _cBK
999 _c6950
_d6950